Paesi con più di 100 milioni di abitanti - Statistics

Statistiche generali
  • Questo quiz è stato fatto 90 volte
    54 dall'ultimo reset
  • Il punteggio medio è 14 su 16
Statistiche sulle risposte
Popolazione Paese % Corretto
212 milioni Brasile
100%
1 425 milioni Cina
100%
1 460 milioni India
100%
350 milioni Stati Uniti
100%
144 milioni Russia
98%
285 milioni Indonesia
95%
236 milioni Nigeria
95%
123 milioni Giappone
90%
131 milioni Messico
90%
117 milioni Egitto
85%
254 milioni Pakistan
80%
175 milioni Bangladesh
78%
116 milioni Filippine
66%
111 milioni Repubblica Democratica del Congo
66%
134 milioni Etiopia
61%
101 milioni Vietnam
59%
Nessun quiz corrispondente trovato
Distribuzione punteggi
Percentuale di utenti per punteggio
Percentile per numero di risposta
I tuoi punteggi nel tempo
Non hai fatto questo quiz dall'ultimo reset